Electromechanical energy converters
Kaydedildi:
| Yazar: | |
|---|---|
| Materyal Türü: | Kitap |
| Dil: | English |
| Baskı/Yayın Bilgisi: |
Boston, Allyn and Bacon,
1965.
|
| Seri Bilgileri: | Allyn and Bacon series in electrical engineering
|
| Konular: | |
| Etiketler: |
Etiketle
Etiket eklenmemiş, İlk siz ekleyin!
|
MARC
| LEADER | 00000nam a2200000Ia 4500 | ||
|---|---|---|---|
| 003 | 000574 | ||
| 005 | 20221231143943.0 | ||
| 008 | 140114s1965 nyua 000 | eng d | ||
| 040 | |c cru CEDI | ||
| 082 | |a 621.313 M233e | ||
| 100 | |a Majmudar, Harit. |9 19538 | ||
| 245 | |a Electromechanical energy converters | ||
| 260 | |a Boston, Allyn and Bacon, |c 1965. | ||
| 300 | |a xiii, 535 páginas. ilustraciones. 24 cm. | ||
| 440 | |a Allyn and Bacon series in electrical engineering |9 19539 | ||
| 500 | |a With special editorial contributions by Norman Balabanian. | ||
| 650 | |x DISPOSITIVOS ELECTROMECANICOS |9 19540 | ||
| 942 | |2 ddc |c BK | ||
| 999 | |c 14729 |d 14729 | ||
